000
00286nam a2200109Ia 4500
008
220204s9999 xx 000 0 und d
082
_a
331(100)
_b
VAI
100
_a
VAIDYANATHAN, N
245
0
_a
International labour standards: A handbook
260
_a
India
_b
Narendra
_c
1977
942
_c
BK
999
_c
28330
_d
28330